| 000 | 00910nam a2200241Ia 4500 | ||
|---|---|---|---|
| 003 | OSt | ||
| 005 | 20220923213026.0 | ||
| 006 | a|||||r|||| 00| 0 | ||
| 007 | ta | ||
| 008 | 220922b |||||||| |||| 00| 0 hin d | ||
| 024 | _a158,401 | ||
| 037 | _cTextual | ||
| 040 |
_aARTS _cARTS _bhin |
||
| 041 |
_2hin _ahin |
||
| 082 | _aO152,1xN5, L0 | ||
| 100 |
_aमाथुर, सुरेन्द्र; पालीवाल, कृष्णदत्त _9162921 |
||
| 245 | 0 | _aक्यो न इसको पख दूं | |
| 246 | _aKyo n isako pakh dūan | ||
| 260 |
_aदिल्ली _b सस्ता साहित्य भण्डार _c1970 |
||
| 650 |
_aहिन्दी साहित्य _9156264 |
||
| 942 |
_hO152,1xN5, L0 _cTEXL _2CC |
||
| 999 |
_c313200 _d313200 |
||